[Event "POL-chT 2nd League"]
[Site "Szczyrk"]
[Date "2014.09.12"]
[Round "7.30"]
[White "Tomaszewska, Luiza"]
[Black "Miturova, Magdalena"]
[Result "0-1"]
[WhiteElo "1943"]
[BlackElo "2077"]
[PlyCount "100"]
[EventDate "2014.09.06"]
[EventType "team-swiss"]
[EventRounds "9"]
[EventCountry "POL"]
[SourceTitle "EXT 2015"]
[Source "ChessBase"]
[SourceDate "2014.11.20"]
[SourceVersion "1"]
[SourceVersionDate "2014.11.20"]
[SourceQuality "1"]
[WhiteTeam "Konin UKS Smecz"]
[BlackTeam "Bydgoszcz Chemik"]
[WhiteTeamCountry "POL"]
[BlackTeamCountry "POL"]

1. d4 Nf6 2. g3 g6 3. Bg2 Bg7 4. Nf3 d6 5. 0-0 0-0 6. c4 Nc6 7. Nc3 a6 8. e4 Rb8 9. d5 Na5 10. Qd3 c5 11. Nd2 e5 12. a4 Bd7 13. Rb1 Qe8 14. b4 cxb4 15. Rxb4 b6 16. Ba3 Qd8 17. Rfb1 Qc7 18. h3 Bh6 19. Bf1 Rfc8 20. Bc1 Be8 21. f4 Qc5+ 22. Kg2 exf4 23. Nf3 b5 24. axb5 axb5 25. Ba3 Nxc4 26. Rxc4 bxc4 27. Bxc5 cxd3 28. Rxb8 Rxb8 29. Bxd6 Rb2+ 30. Kg1 d2 31. Be2 Rc2 32. Be5 Nd7 33. Bd4 fxg3 34. Bd1 Rc1 35. Kg2 Bf4 36. e5 Nf8 37. Bb3 Bd7 38. Nxd2 Bxd2 39. Ne4 Bf4 40. Nf6+ Kg7 41. e6 Nxe6 42. dxe6 Bc6+ 43. Bd5 Kf8 44. Nxh7+ Ke7 45. Bf6+ Kd6 46. Bxc6 Rc2+ 47. Kf3 Rf2+ 48. Ke4 Kxc6 49. exf7 Bd6 50. Bd4 Rf4+ 0-1

[Event "Milanowek-ch"]
[Site "Milanowek"]
[Date "2012.07.01"]
[Round "2"]
[White "Tomaszewska, Luiza"]
[Black "Cyra, Dariusz"]
[Result "0-1"]
[WhiteElo "1969"]
[BlackElo "1834"]
[PlyCount "80"]
[EventDate "2012.06.30"]
[EventType "swiss"]
[EventRounds "9"]
[EventCountry "POL"]
[SourceTitle "EXT 2014"]
[Source "ChessBase"]
[SourceDate "2013.11.20"]
[SourceVersion "1"]
[SourceVersionDate "2013.11.20"]
[SourceQuality "1"]

1. d4 e6 2. Nf3 f5 3. Nc3 Nf6 4. Bg5 Be7 5. e3 b6 6. Bd3 Bb7 7. Qe2 Ne4 8. Bxe7 Qxe7 9. Bxe4 Bxe4 10. 0-0-0 Bxf3 11. Qxf3 d5 12. h4 Nd7 13. Qg3 0-0-0 14. Rd3 Nf6 15. f3 Kb7 16. Na4 Qd7 17. b3 g6 18. Kb1 Qd6 19. Qf2 e5 20. Rc1 e4 21. Rd2 exf3 22. gxf3 Rhe8 23. c4 f4 24. exf4 Qxf4 25. c5 Re6 26. Re2 Rde8 27. Rec2 c6 28. cxb6 axb6 29. Nb2 Rc8 30. Nd3 Qf5 31. Ne5 Nh5 32. Qd2 Nf4 33. Ka1 Rd6 34. Qb4 Qf6 35. a4 c5 36. Qb5 Ne6 37. Nd7 Nxd4 38. Nxf6 Nxb5 39. Nxh7 Nd4 40. Rc3 Ne2 0-1

[Event "Rewal op-A 16th"]
[Site "Rewal"]
[Date "2011.08.27"]
[Round "8"]
[White "Tomaszewska, Luiza"]
[Black "Sliwerski, Radoslaw"]
[Result "0-1"]
[WhiteElo "1993"]
[BlackElo "2174"]
[PlyCount "76"]
[EventDate "2011.08.19"]
[EventType "swiss"]
[EventRounds "9"]
[EventCountry "POL"]
[SourceTitle "CBM 144 Extra"]
[Source "ChessBase"]
[SourceDate "2011.10.28"]
[SourceVersion "1"]
[SourceVersionDate "2011.10.28"]
[SourceQuality "1"]

1. e4 d6 2. Nf3 Nf6 3. Nc3 g6 4. d4 Bg7 5. Be2 0-0 6. Bg5 c6 7. Qd2 b5 8. a3 Bg4 9. Bh6 Nbd7 10. Bxg7 Kxg7 11. e5 Ne8 12. Qf4 Bxf3 13. Bxf3 d5 14. h4 Nc7 15. Bg4 f5 16. exf6+ Rxf6 17. Qg3 Nb6 18. 0-0 Qd6 19. Qxd6 exd6 20. Rfe1 Kf7 21. Re2 Rf4 22. Rae1 Re8 23. Rxe8 Nxe8 24. Be6+ Kf8 25. f3 Rxd4 26. Ne2 Rd2 27. Nf4 Ng7 28. Nh3 Nxe6 29. Rxe6 Rxc2 30. h5 gxh5 31. Rxd6 Ke7 32. Rh6 d4 33. Nf4 c5 34. Rxh7+ Kd6 35. Rh6+ Kd7 36. Rh7+ Ke8 37. Rxh5 c4 38. Re5+ Kd7 0-1

[Event "Warsaw Najdorf Memorial op-A"]
[Site "Warsaw"]
[Date "2011.07.17"]
[Round "4"]
[White "Tomaszewska, Luiza"]
[Black "Cherednichenko, Elena"]
[Result "0-1"]
[WhiteElo "1993"]
[BlackElo "2133"]
[PlyCount "135"]
[EventDate "2011.07.13"]
[EventType "swiss"]
[EventRounds "9"]
[EventCountry "POL"]
[SourceTitle "CBM 143 Extra"]
[Source "ChessBase"]
[SourceDate "2011.08.29"]
[SourceVersion "1"]
[SourceVersionDate "2011.08.29"]
[SourceQuality "1"]

1. e4 e5 2. Nf3 Nc6 3. Bc4 Bc5 4. 0-0 d6 5. b4 Bxb4 6. c3 Ba5 7. Qb3 Qd7 8. d4 Bb6 9. Bb5 a6 10. Ba4 Ba7 11. Bxc6 Qxc6 12. Ng5 Nh6 13. dxe5 dxe5 14. Nf3 f6 15. Bxh6 gxh6 16. Qd5 Qxd5 17. exd5 Rg8 18. Re1 Bg4 19. Nbd2 0-0-0 20. c4 Rde8 21. Re4 Bc5 22. Rxg4 Rxg4 23. h3 Rf4 24. g3 Rg8 25. Kf1 Rf5 26. Re1 Bb4 27. Re3 Bxd2 28. Nxd2 Rfg5 29. Ne4 R5g6 30. Rf3 Rf8 31. Rf5 b6 32. Ke2 Kd7 33. Kd3 Ke7 34. c5 bxc5 35. Kc4 Rb8 36. Kxc5 Rb2 37. Kc6 Rc2+ 38. Kb7 a5 39. h4 Rc4 40. f3 a4 41. a3 Rd4 42. Kc6 Rg8 43. Kc5 Rf8 44. g4 Rd1 45. Kc6 Rd8 46. Kxc7 Rc1+ 47. Kb7 Rxd5 48. Rxf6 Rb5+ 49. Ka6 Rb3 50. Rxh6 Rxf3 51. Rxh7+ Kf8 52. g5 Rxa3 53. Nf6 Rc6+ 54. Kb5 Re6 55. Ra7 e4 56. h5 Rh3 57. Rxa4 e3 58. Ra8+ Kf7 59. Ra7+ Re7 60. Rxe7+ Kxe7 61. Nd5+ Kf7 62. Nf4 Rh2 63. g6+ Kg7 64. Ne6+ Kf6 65. g7 Kf7 66. h6 e2 67. h7 Rxh7 68. Ng5+ 0-1

[Event "Warsaw Najdorf Memorial op-A"]
[Site "Warsaw"]
[Date "2011.07.15"]
[Round "2"]
[White "Strzelecki, Jerzy"]
[Black "Tomaszewska, Luiza"]
[Result "1-0"]
[WhiteElo "2145"]
[BlackElo "1993"]
[PlyCount "85"]
[EventDate "2011.07.13"]
[EventType "swiss"]
[EventRounds "9"]
[EventCountry "POL"]
[SourceTitle "CBM 143 Extra"]
[Source "ChessBase"]
[SourceDate "2011.08.29"]
[SourceVersion "1"]
[SourceVersionDate "2011.08.29"]
[SourceQuality "1"]

1. Nf3 e6 2. c4 Nf6 3. Nc3 Bb4 4. g3 b6 5. Bg2 Bb7 6. 0-0 0-0 7. Qc2 d5 8. a3 Be7 9. cxd5 exd5 10. d4 c5 11. Bf4 Nbd7 12. Rad1 c4 13. Nd2 Rc8 14. e4 Nh5 15. Be3 dxe4 16. Ndxe4 f5 17. Nf6+ Ndxf6 18. Bxb7 f4 19. Bc1 Rc7 20. Bf3 fxg3 21. fxg3 g6 22. Nb5 Rd7 23. Qxc4+ Kh8 24. Bh6 Ng7 25. d5 Bc5+ 26. Kh1 Nxd5 27. Nd4 Bxd4 28. Rxd4 b5 29. Bxg7+ Kxg7 30. Qxb5 Nf6 31. Rf4 Rd6 32. b4 a6 33. Qc5 Qe7 34. Bg2 Nd7 35. Qc3+ Kg8 36. Re1 Qg5 37. h4 Qd8 38. Qc4+ Kg7 39. Rfe4 Rf7 40. Re8 Qb6 41. R8e7 Rdf6 42. Bd5 Rf1+ 43. Qxf1 1-0

[Event "Warsaw Najdorf Memorial op-A"]
[Site "Warsaw"]
[Date "2011.07.14"]
[Round "1"]
[White "Obrusnik, Michal"]
[Black "Tomaszewska, Luiza"]
[Result "1-0"]
[WhiteElo "2255"]
[BlackElo "1993"]
[PlyCount "79"]
[EventDate "2011.07.13"]
[EventType "swiss"]
[EventRounds "9"]
[EventCountry "POL"]
[SourceTitle "CBM 143 Extra"]
[Source "ChessBase"]
[SourceDate "2011.08.29"]
[SourceVersion "1"]
[SourceVersionDate "2011.08.29"]
[SourceQuality "1"]

1. g3 d5 2. Bg2 Nf6 3. d3 e5 4. Nf3 Nc6 5. 0-0 Be7 6. Nbd2 0-0 7. e4 Bg4 8. h3 Bh5 9. exd5 Nxd5 10. Re1 f5 11. c3 a6 12. Qb3 Bf7 13. c4 Ndb4 14. Bf1 e4 15. dxe4 Na5 16. Qc3 fxe4 17. Nxe4 Nbc6 18. a3 Bf6 19. Nxf6+ Qxf6 20. Qxf6 gxf6 21. Bh6 Rfe8 22. Nd2 Nd4 23. b4 Rxe1 24. Rxe1 Nab3 25. Bg2 Nc2 26. Re7 Nxd2 27. Bxd2 Rd8 28. Bc3 Rd1+ 29. Kh2 Nxa3 30. Bxf6 Nxc4 31. Rxc7 Nd6 32. Be5 Ne8 33. Rxb7 Rd2 34. Rb8 Rxf2 35. Kg1 Re2 36. Bf4 Bc4 37. Bf1 Re1 38. Rxe8+ Rxe8 39. Bxc4+ Kg7 40. Bxa6 1-0

[Event "Frydek Mistek Chance Cup op"]
[Site "Frydek Mistek"]
[Date "2011.04.21"]
[Round "2"]
[White "Tomaszewska, Luiza"]
[Black "Bombek, Peter"]
[Result "1/2-1/2"]
[WhiteElo "2002"]
[BlackElo "2201"]
[PlyCount "65"]
[EventDate "2011.04.21"]
[EventType "swiss"]
[EventRounds "9"]
[EventCountry "CZE"]
[SourceTitle "EXT 2012"]
[Source "ChessBase"]
[SourceDate "2011.11.24"]
[SourceVersion "1"]
[SourceVersionDate "2011.11.24"]
[SourceQuality "1"]

1. e4 e6 2. d4 d5 3. Nc3 Nf6 4. Bg5 Bb4 5. e5 h6 6. Bd2 Bxc3 7. bxc3 Ne4 8. Bd3 Nxd2 9. Qxd2 c5 10. Nf3 Nc6 11. Bb5 Qa5 12. c4 Qxd2+ 13. Kxd2 cxd4 14. cxd5 exd5 15. Nxd4 Bd7 16. Nxc6 bxc6 17. Bd3 Rb8 18. Rab1 Ke7 19. c4 dxc4 20. Bxc4 Be6 21. Kc3 Rhd8 22. f4 Rb6 23. Bxe6 Kxe6 24. Rhd1 Rxd1 25. Rxd1 c5 26. g3 Ra6 27. Rd2 f6 28. exf6 Kxf6 29. Kc4 Ra5 30. Kd5 g5 31. fxg5+ Kxg5 32. Rf2 h5 33. Ke4 1/2-1/2

[Event "POL-chT (Women) 3rd"]
[Site "Wroclaw"]
[Date "2010.11.11"]
[Round "1"]
[White "Tomaszewska, Luiza"]
[Black "Toma, Katarzyna"]
[Result "0-1"]
[WhiteElo "1997"]
[BlackElo "2234"]
[PlyCount "76"]
[EventDate "2010.11.09"]
[EventType "team-tourn"]
[EventRounds "5"]
[EventCountry "POL"]
[SourceTitle "EXT 2019"]
[Source "ChessBase"]
[SourceDate "2018.10.10"]
[SourceVersion "1"]
[SourceVersionDate "2018.10.10"]
[SourceQuality "1"]
[WhiteTeam "Jaworzno JKSz MCKiS (W)"]
[BlackTeam "Lublin Drakon SKOK Chmielewskiego (W)"]
[WhiteTeamCountry "POL"]
[BlackTeamCountry "POL"]

1. e4 c5 2. Nf3 Nc6 3. d4 cxd4 4. Nxd4 g6 5. c4 Bg7 6. Be3 Nf6 7. Nc3 d6 8. Be2 0-0 9. 0-0 Bd7 10. Nb3 a5 11. a4 Nb4 12. f4 b6 13. Kh1 Rc8 14. e5 Ne8 15. Qd2 Be6 16. Nd5 Bxd5 17. cxd5 dxe5 18. Rac1 Rxc1 19. Nxc1 exf4 20. Rxf4 Qxd5 21. Nd3 Nxd3 22. Qxd3 Qxd3 23. Bxd3 Bh6 24. Re4 Bxe3 25. Rxe3 e6 26. h4 Nf6 27. Be2 Rd8 28. g3 Rd4 29. b3 Re4 30. Rxe4 Nxe4 31. Kg2 Kg7 32. Bd1 Kf6 33. Kf3 Ke5 34. g4 f5 35. g5 Kd4 36. Bc2 Nd2+ 37. Kg3 Ke3 38. h5 Nf3 0-1

[Event "Polanica Zdroj op-A 46th"]
[Site "Polanica Zdroj"]
[Date "2010.08.22"]
[Round "4"]
[White "Tomaszewska, Luiza"]
[Black "Panas, Pawel"]
[Result "1-0"]
[WhiteElo "1968"]
[BlackElo "2194"]
[PlyCount "75"]
[EventDate "2010.08.19"]
[EventType "swiss"]
[EventRounds "10"]
[EventCountry "POL"]
[SourceTitle "CBM 138 Extra"]
[Source "ChessBase"]
[SourceDate "2010.10.29"]
[SourceVersion "1"]
[SourceVersionDate "2010.10.29"]
[SourceQuality "1"]

1. e4 e6 2. d3 d5 3. Nd2 c5 4. g3 Nc6 5. Bg2 g6 6. Ngf3 Bg7 7. 0-0 Nge7 8. Re1 b6 9. c3 0-0 10. Nf1 d4 11. c4 e5 12. Nh4 Qd6 13. a3 Rb8 14. b4 cxb4 15. axb4 Nxb4 16. Rxa7 Nec6 17. Ra1 b5 18. cxb5 Rxb5 19. Ba3 Be6 20. Qa4 Rfb8 21. Rec1 Qd8 22. Nd2 Bh6 23. Nhf3 Ra5 24. Qd1 Rba8 25. Bxb4 Nxb4 26. Rxa5 Qxa5 27. Bf1 Na2 28. Ra1 Qc3 29. Nc4 Bxc4 30. dxc4 f6 31. c5 Ra3 32. Ne1 Bf8 33. Nc2 Ra5 34. Qb1 d3 35. Rxa2 dxc2 36. Rxc2 Qd4 37. c6 Ra1 38. Qxa1 1-0

[Event "Polanica Zdroj op-A 46th"]
[Site "Polanica Zdroj"]
[Date "2010.08.20"]
[Round "2"]
[White "Musialkiewicz, Jan"]
[Black "Tomaszewska, Luiza"]
[Result "1/2-1/2"]
[WhiteElo "2109"]
[BlackElo "1968"]
[PlyCount "65"]
[EventDate "2010.08.19"]
[EventType "swiss"]
[EventRounds "10"]
[EventCountry "POL"]
[SourceTitle "CBM 138 Extra"]
[Source "ChessBase"]
[SourceDate "2010.10.29"]
[SourceVersion "1"]
[SourceVersionDate "2010.10.29"]
[SourceQuality "1"]

1. e4 e6 2. d4 d5 3. Nd2 Be7 4. Ngf3 Nf6 5. e5 Nfd7 6. Bd3 c5 7. c3 Nc6 8. 0-0 Qb6 9. dxc5 Qc7 10. b4 Ncxe5 11. Bb5 0-0 12. c4 a6 13. Bxd7 Bxd7 14. Nxe5 Qxe5 15. Rb1 Qf5 16. Qb3 dxc4 17. Nxc4 Bb5 18. Be3 Rad8 19. Rfd1 Qg4 20. Na5 Be2 21. Rxd8 Rxd8 22. h3 Qg6 23. Kh2 Rd7 24. Re1 Bd3 25. a4 Bd8 26. Nc4 Bc7+ 27. g3 h5 28. Qc3 Rd5 29. Nd6 Bc2 30. a5 Bxd6 31. cxd6 Rxd6 32. Qc8+ Kh7 33. Qxb7 1/2-1/2

[Event "Wch U20 Girls 28th"]
[Site "Chotowa"]
[Date "2010.08.16"]
[Round "13.30"]
[White "Tomaszewska, Luiza"]
[Black "Osmanodja, Filiz"]
[Result "1-0"]
[WhiteElo "1968"]
[BlackElo "2061"]
[PlyCount "63"]
[EventDate "2010.08.03"]
[EventType "swiss"]
[EventRounds "13"]
[EventCountry "POL"]
[SourceTitle "EXT 2023"]
[Source "ChessBase"]
[SourceDate "2022.10.05"]
[SourceVersion "1"]
[SourceVersionDate "2022.10.05"]
[SourceQuality "1"]

1. b3 e5 2. Bb2 Nc6 3. c4 Nf6 4. e3 d5 5. cxd5 Nxd5 6. a3 Bd6 7. Qc2 0-0 8. d3 Be6 9. Nf3 f5 10. Nbd2 Qf6 11. b4 a6 12. Nb3 Kh8 13. h4 Qe7 14. Be2 h6 15. h5 Qf7 16. Nc5 Bc8 17. Nh4 Nce7 18. d4 e4 19. 0-0-0 b6 20. Qc4 bxc5 21. dxc5 Be6 22. Ng6+ Nxg6 23. hxg6 Qxg6 24. Bh5 Nf4 25. Bxg6 Bxc4 26. cxd6 Nd3+ 27. Rxd3 Bxd3 28. Rxh6+ Kg8 29. Rh7 Rf7 30. Bxf7+ Kxh7 31. dxc7 a5 32. Be6 1-0

[Event "Wch U20 Girls 28th"]
[Site "Chotowa"]
[Date "2010.08.15"]
[Round "12"]
[White "Mareckova, Martina"]
[Black "Tomaszewska, Luiza"]
[Result "1/2-1/2"]
[WhiteElo "2095"]
[BlackElo "1968"]
[PlyCount "72"]
[EventDate "2010.08.03"]
[EventType "swiss"]
[EventRounds "13"]
[EventCountry "POL"]
[SourceTitle "CBM 137 Extra"]
[Source "ChessBase"]
[SourceDate "2010.09.01"]
[SourceVersion "1"]
[SourceVersionDate "2010.09.01"]
[SourceQuality "1"]

1. e4 e6 2. d3 c5 3. Nf3 d5 4. Qe2 Be7 5. g3 Nc6 6. Bg2 Nf6 7. e5 Nd7 8. h4 Qc7 9. Bf4 h6 10. c4 d4 11. Nbd2 b6 12. a3 Bb7 13. 0-0 0-0-0 14. Rfe1 Rdg8 15. Ne4 Ncxe5 16. Nxe5 Nxe5 17. Nxc5 Bxg2 18. Qxe5 Qxe5 19. Bxe5 bxc5 20. Kxg2 Kd7 21. b4 f6 22. Bf4 g5 23. hxg5 hxg5 24. Bd2 e5 25. Rab1 Kc6 26. b5+ Kb7 27. Rh1 Bd8 28. g4 Rh4 29. Rxh4 gxh4 30. Kf3 Rh8 31. Rh1 h3 32. Kg3 Bc7 33. Rxh3 e4+ 34. Kg2 Rg8 35. dxe4 Rxg4+ 36. Kf3 Rg1 1/2-1/2

[Event "Wch U20 Girls 28th"]
[Site "Chotowa"]
[Date "2010.08.12"]
[Round "9"]
[White "Exler, Veronika"]
[Black "Tomaszewska, Luiza"]
[Result "1-0"]
[WhiteElo "2143"]
[BlackElo "1968"]
[PlyCount "77"]
[EventDate "2010.08.03"]
[EventType "swiss"]
[EventRounds "13"]
[EventCountry "POL"]
[SourceTitle "CBM 137 Extra"]
[Source "ChessBase"]
[SourceDate "2010.09.01"]
[SourceVersion "1"]
[SourceVersionDate "2010.09.01"]
[SourceQuality "1"]

1. d4 Nf6 2. Nf3 g6 3. c4 Bg7 4. Nc3 d5 5. e3 0-0 6. cxd5 Nxd5 7. Bc4 Nxc3 8. bxc3 c5 9. 0-0 Nd7 10. Ba3 Qa5 11. Qb3 b5 12. Bd5 Rb8 13. Ng5 e6 14. Bxe6 c4 15. Qb4 Qxb4 16. Bxb4 fxe6 17. Bxf8 Nxf8 18. a4 b4 19. cxb4 Rxb4 20. a5 e5 21. d5 h6 22. Ne4 Bf5 23. f3 Nd7 24. Rfb1 Rb3 25. Rc1 Bxe4 26. fxe4 c3 27. Ra4 Bf8 28. Rc4 Bb4 29. Rc8+ Kf7 30. Rc7 Ke7 31. a6 Bc5 32. Kf2 h5 33. h4 Ra3 34. g3 Ra2+ 35. Kf3 Rxa6 36. Rxc3 Bd6 37. Rb7 Kd8 38. Rc6 Ke7 39. Rxa6 1-0